Efficient Cryptography for the Next Generation Secure Cloud (E-Book) (Record no. 191192)
[ view plain ]
| 000 -LEADER | |
|---|---|
| fixed length control field | 00675 a2200145 4500 |
| 003 - CONTROL NUMBER IDENTIFIER | |
| control field | Nust |
| 005 - DATE AND TIME OF LATEST TRANSACTION | |
| control field | 20170207154011.0 |
| 040 ## - CATALOGING SOURCE | |
| Transcribing agency | Nust |
| 100 ## - MAIN ENTRY--PERSONAL NAME | |
| Personal name | Alptekin Kupcu B.S., Bilkent University, 2004 M.Sc., Brown University, 2007 |
| 245 ## - TITLE STATEMENT | |
| Title | Efficient Cryptography for the Next Generation Secure Cloud (E-Book) |
| Statement of responsibility, etc. | Alptekin K¨up¸c¨u B.S., Bilkent University, 2004 M.Sc., Brown University, 2007 |
| 260 ## - PUBLICATION, DISTRIBUTION, ETC. | |
| Place of publication, distribution, etc. | Island |
| Name of publisher, distributor, etc. | Providence, Rhode Island |
| Date of publication, distribution, etc. | 2010 |
| 300 ## - PHYSICAL DESCRIPTION | |
| Extent | xv,259,p |
| 505 ## - FORMATTED CONTENTS NOTE | |
| Formatted contents note | The Next Generation Secure Cloud(Page-1)Networking In The Cloud (Page-10) Trusting The Cloud (Page-49) Computing In The Cloud (Page-81) Storing In The Cloud (Page-104) |
| 651 ## - SUBJECT ADDED ENTRY--GEOGRAPHIC NAME | |
| Geographic name | E-Book |
| 942 ## - ADDED ENTRY ELEMENTS (KOHA) | |
| Source of classification or shelving scheme | |
| Koha item type | Book |
| Withdrawn status | Lost status | Source of classification or shelving scheme | Damaged status | Not for loan | Collection code | Permanent Location | Current Location | Date acquired | Total Checkouts | Barcode | Date last seen | Price effective from | Koha item type |
|---|---|---|---|---|---|---|---|---|---|---|---|---|---|
| Military College of Signals (MCS) | Military College of Signals (MCS) | 12/12/2016 | MCSEB-425 | 12/08/2016 | 12/12/2016 | Book |
